Epistolographoi ellenikoi (Record no. 153670)

MARC details
000 -LEADER
campo de control de longitud fija 00963nam a2200253 i 4500
001 - NÚMERO DE CONTROL
campo de control 153670
003 - IDENTIFICADOR DE NÚMERO DE CONTROL
campo de control ES-MaACL
005 - FECHA Y HORA DE LA ÚLTIMA TRANSACCIÓN
campo de control 20250630203629.0
008 - DATOS DE LONGITUD FIJA--INFORMACIÓN GENERAL
campo de control de longitud fija 010827s1873 fr |||| | latod
040 ## - FUENTE DE CATALOGACIÓN
Centro catalogador/agencia de origen NA
Lengua de catalogación spa
Centro/agencia transcriptor NA
245 00 - MENCIÓN DEL TÍTULO
Título Epistolographoi ellenikoi
Resto del título = Epistolographi graeci /
Mención de responsabilidad, etc. recensuit reccgnovit [sic] adnotatione critica et indicibus instruxit Rudolphus Hercher ; accedunt Francisci Boissonadii ad synesium notae ineditae.
260 ## - PUBLICACIÓN, DISTRIBUCIÓN, ETC.
Lugar de publicación, distribución, etc. Parisiis :
Nombre del editor, distribuidor, etc. editore Ambrosio Firmin Didot,
Fecha de publicación, distribución, etc. 1873.
300 ## - DESCRIPCIÓN FÍSICA
Extensión XCI, 843 p. ;
Dimensiones 26 cm.
490 1# - MENCIÓN DE SERIE
Mención de serie Collection auteurs grecgues
594 ## - Nota al título y mención de responsabilidad
Nota al título y mención de responsabilidad Texto paralelo griego-latín.
597 ## - NOTA DE DESCRIPCIÓN FÍSICA
NOTA DE DESCRIPCIÓN FÍSICA Signaturizado.
650 #4 - PUNTO DE ACCESO ADICIONAL DE MATERIA--TÉRMINO DE MATERIA
Término de materia o nombre geográfico como elemento de entrada Cartas griegas.
9 (RLIN) 163121
700 1# - ENTRADA AGREGADA--NOMBRE PERSONAL
Nombre de persona Hercher, Rudolf,
Fechas asociadas al nombre 1821-1878
9 (RLIN) 127868
700 1# - ENTRADA AGREGADA--NOMBRE PERSONAL
Nombre de persona Boissonade, Jean François.
9 (RLIN) 163119
830 0# - PUNTO DE ACCESO ADICIONAL DE SERIE-TÍTULO UNIFORME
Título uniforme Collection auteurs grecgues
9 (RLIN) 221428
852 ## - LOCALIZACIÓN
Ubicación ES-MaACL
Número de control de estantería B-2474
Nota libre -- Enc. hol.
Holdings
Estatus retirado Estado de pérdida Estado de daño No para préstamo Colección Biblioteca de origen Biblioteca actual Ubicación en estantería Fecha de adquisición Fuente de adquisición Total de préstamos Signatura topográfica completa Código de barras Visto por última vez Precio de reemplazo Tipo de ítem Koha
        Libros del s. XIX Biblioteca del Ateneo de Madrid Biblioteca del Ateneo de Madrid Sala Pardo Bazán 17/01/2008     B-2474 1160651 23/02/2023 23/02/2023 Libro impreso antiguo